00598nam a2200205Ia 4500003000400000005001700004008004100021020001800062040001800080041000800098082002200106100001700128245007400145250000600219260005300225300002000278650004400298650003100342700001900373OSt20220217110622.0210716s2019 xx 000 0 und d a9789350242704 cAIMIT LIBRARY aeng a658.001 21bPANK aPandey, K.M. aEconomics for managerial decisions /cBy K.M.Pandey and Manas Pandey. a1 aNew Delhi :bHimalaya Publishing House ,c2019 . a365p. ;c24 cm. aMathematical Tools for Decision Making. aCost and Volume Relations. aPandey, Manas.